| 000 | 01139nam a22002777a 4500 | ||
|---|---|---|---|
| 999 |
_c64608 _d64608 |
||
| 005 | 20240530110740.0 | ||
| 008 | 180923s2015 ua a f b 000 0 ara d | ||
| 017 |
_bمصر. دار الكتب _a2015/22282 |
||
| 020 | _a9789777281478 | ||
| 040 |
_aEG-CaGPL _cEG-CaGPL |
||
| 082 | 0 | 4 |
_221 _a722.2 _bق/ز آ |
| 100 | 0 | _aزينب عبدالتواب رياض | |
| 245 | 1 | 0 |
_aاثار وفنون مصر القديمة / _cزينب عبدالتواب رياض . |
| 250 | _aط.1 | ||
| 260 |
_aالقاهرة : _bدار الحكمة للطباعة و النشر و التوزيع ، _c2017 . |
||
| 300 |
_a267 ص. : _bايض ؛ _c24 سم. |
||
| 504 | _aيشتمل على ارجاعات ببليوجرافية | ||
| 650 | 0 | 7 |
_aالعمارى الدينية _2qrmak |
| 650 | 0 | 7 |
_aالعمارة المصرية القديمة _2qrmak |
| 650 | 0 | 7 |
_aالعمارة الجنائزية _2qrmak |
| 650 | 0 | 7 |
_aالاثار المصرية القديمة _2qrmak |
| 651 | 0 | 7 |
_2qrmak _aمصرالقديمة |
| 651 | 0 | 7 |
_aالاثار المصرية القديمة _2qrmak |
| 942 |
_2ddc _cBK |
||